00909nam a22002532a 45000010005000000030008000050050017000130080041000300350050000710400042001210410008001630510024001710820022001951000037002172450128002542600056003823000034004385040031004726500039005036500041005428300012005837100035005958300025006303533BD-RjUL20211208233740.0131219s1964 dcua b 000 0 eng d a(BD-RjUL)3567aOCLC ocm01444651 from D950330M aDLCcJPLdSERdIXAdEQOdBD-RjULbeng aeng aHG4098b.B7cCopy 2 a338.098bBRD 19641 aBrandenburg, Frank Ralph,d1926-14aThe development of Latin American private enterprise,ba report /cby Frank Brandenburg. With an introd. by Theodore Geiger aWashington :bNational Planning Association,c1964. axii, 136 p.billus. :c23 cm. aBibliographical footnotes. 0aCapital investmentszLatin America 0aInvestments, ForeignzLatin America. 0vno. 1212 aNational Planning Association. 0aPlanning pamphlets ;